000 00737nam a2200241Ia 4500
003 OSt
005 20220923224334.0
006 a|||||r|||| 00| 0
007 ta
008 220922b |||||||| |||| 00| 0 pan d
024 _a231,409
037 _cTextual
040 _aARTS
_cARTS
_bpan
041 _2pan
_apan
082 _aO13,1C38:g, 153K4
100 _aਨਗੇੰਦ੍ਰ
_9156280
245 0 _aਅਰਸਤੂ ਦਾ ਕਾਵਿ-Fਾਸਤ੍ਰ
260 _aਦਿੱਲੀ
_b ਐਸ ਚੰਦ ਐਜ਼ਡ ਕੰਪਨੀ
_c1964
300 _a56ਪੰ
_ccm.
650 _aਗ੍ਰੀਕ ਸਾਹਿਤ
942 _hO13,1C38:g, 153K4
_cTEXL
_2CC
999 _c370785
_d370785